MARC

LEADER 00000nam0a2200000 4500
001 98915
005 20231101214221.0
035 |a (RuTPU)RU\TPU\book\106070 
090 |a 98915 
100 |a 20060623d1973 m y0rusy50 ca 
101 0 |a rus 
102 |a RU 
105 |a y ar 000zy 
200 1 |a Методы работы с химической литературой  |f Е. Л. Гефтер 
210 |a Москва  |c Химия  |d 1973 
215 |a 63 с. 
606 1 |a Библиографические пособия  |x По химии  |2 stltpush  |3 (RuTPU)RU\TPU\subj\28562  |9 52080 
606 1 |a Химия  |2 stltpush  |3 (RuTPU)RU\TPU\subj\17362  |9 43035 
610 1 |a химическая литература 
610 1 |a библиографические указатели 
610 1 |a библиографический поиск 
610 1 |a неорганическая химия 
610 1 |a органическая химия 
610 1 |a физическая химия 
610 1 |a лабораторные работы 
610 1 |a реферативные журналы 
675 |a 54(01)  |v 3 
686 |a Я19:54  |2 rubbk 
700 1 |a Гефтер  |b Е. Л.  |g Евгений Леонидович 
801 1 |a RU  |b 63413507  |c 20060623  |g PSBO 
801 2 |a RU  |b 63413507  |c 20201103  |g RCR 
942 |c BK